Club de foot jouant en rouge et blanc - Mort subite (Partie 1) - Statistiques

Statistiques générales
  • Ce quiz a été pris 172 fois
  • Le résultat moyen est 6 sur 15
Answers on the Grid
Answers color-coded by a green-red scale on the quiz's grid according to % correct below.
Olympiakos
Atlético Madrid
Panathinaikos
Valence
AC Ajaccio
OGC Nice
Atlanta United
Arsenal
Nimes
Bourg en Bresse
Marítimo
Brest
Standard de Liège
Zulte Waregem
Wrexham
Volendam
Vasco da Gama
River Plate
Union Saint-Gilloise
Sparta Prague
Internacional
Seattle
Schalke
Copenhague
Utrecht
Servette
Ajax
Sheffield United
Zenith Saint-Petersbourg
Union Berlin
 
Statistiques - réponses
Réponse % Correct
Atlético Madrid
85%
Olympiakos
81%
AC Ajaccio
75%
Arsenal
72%
Brest
61%
Nimes
56%
Ajax
47%
River Plate
37%
Standard de Liège
36%
Sheffield United
33%
Union Berlin
18%
Utrecht
17%
Wrexham
10%
Internacional
9%
Zulte Waregem
1%
Aucun quiz correspondant
Distribution des résultats
% des personnes avec chaque résultat
Percentile par nombre de réponses
Votre historique - résultats
Vous n’avez pas pris ce quiz